Mexico by Sporcle Category Quiz Stats

 Plays Quiz Updated May 5, 2018

Challenge
Share
Tweet
Embed
Score 0/15 Timer 05:00
0 Plays Today
Question Answer Wrong Answers
Television:
Actress Salma Hayek first appeared in Teresa, a production of which kind of TV show, popular in Mexico?
telenovela
80.6%
sitcom
8.5%
crime drama
3.3%
feuilleton
1.6%
Religion:
The Aztecs of Mexico practiced human sacrifice, with particular reverence attached to which organ?
heart
77.7%
brain
4.5%
liver
8%
spleen
4%
Geography:
Which Mexican city is built upon the ruins of Tenochtitlan?
Mexico City
76.1%
Guadalajara
11%
Monterrey
3.6%
Toluca
9.1%
Science:
Located in Mexico's Yucatán peninsula, the Chicxulub crater is associated with the extinction of which life-form?
dinosaurs
72.1%
trilobites
5.4%
sabre-toothed cats
11.7%
Neanderthal men
4.4%
History:
In 1519, the Spanish began the conquest of Mexico under the command of which conquistador?
Hernán Cortés
71.2%
Francisco Pizarro
10.4%
Juan Ponce de León
8.5%
Hernando de Soto
5%
Language:
The words coyote, avocado and axolotl are derived from which pre-Columbian language, still spoken by over a million Mexicans?
Nahuatl
61.8%
Paiute
7.9%
Hopi
10.2%
Navajo
13.3%
Sports:
The national sport, charrería, evolved during the colonial era and is a form of what?
rodeo
59.4%
football
18%
boxing
11.3%
baseball
10.3%
Holiday:
Not a federal holiday in Mexico, the Cinco de Mayo celebrations commemorate what?
Mexican victory over the French
59.2%
Mexican Revolution
8.9%
Mexican Independence
21.3%
Mexican-American War
5.3%
Gaming:
The popular Mexican game Lotería most closely resembles which of the following?
Bingo
51.6%
Dominoes
17.2%
Monopoly
5.7%
Roulette
18.5%
Movies:
Which movie won the first Oscar for Mexican director Guillermo del Toro?
The Shape of Water
49.1%
Crimson Peak
4.6%
Pan's Labyrinth
39.1%
Hellboy
5.4%
Entertainment:
Which Mexican business magnate was ranked as the richest person in the world by 'Forbes' from 2010-2013?
Carlos Slim
46.9%
Pancho Villa
4.8%
Enrique Peña Nieto
23.7%
Julio Cesar Chavez
17.4%
Music:
The traditional Mexican mariachi ensemble does not include which instrument?
tambourine
44.9%
violin
39%
guitar
5.9%
trumpet
6%
Just for Fun:
Sporcle's Mexico-related badge is called what?
Señor Badge
43.4%
Si Esta Señor
4.8%
El Badgeriño
28%
La Badga
16.5%
Literature:
Which of these Mexican authors was awarded the Nobel Prize in Literature in 1990?
Octavio Paz
41.3%
Carlos Fuentes
37%
Juan Rulfo
7.7%
Sergio Pitol
7.3%
Miscellaneous:
What is the name of the capital city of Veracruz that lends its name to the most famous Mexican pepper?
Xalapa
37.7%
Tijuana
13.3%
Campeche
17.2%
Oaxaca
28.5%

You're not logged in!

Compare scores with friends on all Sporcle quizzes.
OR
Log In

You Might Also Like...

Show Comments

Extras

Top Quizzes Today


Score Distribution

Your Account Isn't Verified!

In order to create a playlist on Sporcle, you need to verify the email address you used during registration. Go to your Sporcle Settings to finish the process.

Report this User

Report this user for behavior that violates our Community Guidelines.

Details: